000 00823nam a22002897a 4500
001 0000977
003 KOHA_MİRAKIL
005 20260207001226.0
007 ta
008 151112b2007 tu |||gr||||#||||0|tur |
020 _a9789944165396
_cYTL38,555
040 _aTR-BiSEU
_btur
_cTR-BiSEU
_erda
041 0 _atur
044 _ctu
050 _aHB172.5
_b.D67 2004
100 1 _aDornbusch, Rudiger.
245 1 _aMakro ekonomi/
_cRudiger Dornbusch ; Rudiger Dornbusch, S. Fischer, R. Startz; editör Salih Ak.
250 _a9. Baskı
264 1 _aAnkara :
_bGazi Kitabevi
_c2007
300 _a678 sayfa; 24 cm.
336 _ametin
_btxt
_2rdacontent
337 _aaracısız
_bn
_2rdamedia
338 _acilt
_bnc
_2rdacarrier
650 0 _aEkonomi.
_93230
650 0 _aMakro ekonomi.
_93678
942 _2lcc
_cBK
999 _c972
_d972